<?xml version="1.0" encoding="UTF-8"?>
<record
    xmlns:xsi="http://www.w3.org/2001/XMLSchema-instance"
    xsi:schemaLocation="http://www.loc.gov/MARC21/slim http://www.loc.gov/standards/marcxml/schema/MARC21slim.xsd"
    xmlns="http://www.loc.gov/MARC21/slim">

  <leader>00989nam a22001577a 4500</leader>
  <controlfield tag="008">160120b        xxu||||| |||| 00| 0 eng d</controlfield>
  <datafield tag="020" ind1=" " ind2=" ">
    <subfield code="a">9789871271641</subfield>
  </datafield>
  <datafield tag="082" ind1=" " ind2=" ">
    <subfield code="a">730</subfield>
    <subfield code="b">B954e</subfield>
  </datafield>
  <datafield tag="100" ind1=" " ind2=" ">
    <subfield code="a">Perez Rubio, Agustin; Lopez, Miguel Angel</subfield>
    <subfield code="9">4460</subfield>
  </datafield>
  <datafield tag="245" ind1=" " ind2=" ">
    <subfield code="a">Teresa Burga</subfield>
    <subfield code="b">Estructuras de aire </subfield>
    <subfield code="c">Agustin Perez Rubio, Miguel &#xC1;ngel Lopez </subfield>
  </datafield>
  <datafield tag="260" ind1=" " ind2=" ">
    <subfield code="a">Buenos Aires, Argentina </subfield>
    <subfield code="b">Fundaci&#xF3;n  Eduardo F. Constantini</subfield>
    <subfield code="c">2015</subfield>
  </datafield>
  <datafield tag="300" ind1=" " ind2=" ">
    <subfield code="a">244 p</subfield>
    <subfield code="b">ill; col</subfield>
    <subfield code="c">29 cm</subfield>
  </datafield>
  <datafield tag="505" ind1=" " ind2=" ">
    <subfield code="t">Teresa Burga: del olvido y el azar </subfield>
    <subfield code="r">Agust&#xED;n Perez Rubio</subfield>
    <subfield code="t">A contratiempo. Las cronodisidenicas de  Teresa Burga</subfield>
    <subfield code="r">Miguel A. L&#xF3;pez </subfield>
    <subfield code="t">Palabras generativas y cuerpos subyugados en las "propuestas" de Teresa Burga 1969-1971</subfield>
    <subfield code="r">Dorota Biczel  </subfield>
    <subfield code="t">Lo m&#xE1;s cerca posible del azar. Una conversaci&#xF3;n con Teresa Burga.</subfield>
    <subfield code="r">Miguel A. L&#xF3;pez</subfield>
    <subfield code="t">obras</subfield>
    <subfield code="t">Documentos</subfield>
    <subfield code="t">Bibliografia, Exposiciones, Colecciones </subfield>
  </datafield>
  <datafield tag="650" ind1=" " ind2=" ">
    <subfield code="a">Teresa, Burga</subfield>
    <subfield code="v">Arte, Instalaci&#xF3;n,Exhibici&#xF3;n</subfield>
    <subfield code="z">Arte Peruano</subfield>
    <subfield code="9">4461</subfield>
  </datafield>
  <datafield tag="700" ind1=" " ind2=" ">
    <subfield code="a">Perez Rubio, Agustin; Lopez, Miguel Angel</subfield>
    <subfield code="9">4462</subfield>
  </datafield>
  <datafield tag="999" ind1=" " ind2=" ">
    <subfield code="c">820</subfield>
    <subfield code="d">820</subfield>
  </datafield>
  <datafield tag="952" ind1=" " ind2=" ">
    <subfield code="0">0</subfield>
    <subfield code="1">0</subfield>
    <subfield code="2">ddc</subfield>
    <subfield code="4">0</subfield>
    <subfield code="7">0</subfield>
    <subfield code="a">LV</subfield>
    <subfield code="b">LV</subfield>
    <subfield code="c">Monograf&#xED;as</subfield>
    <subfield code="d">2016-01-20</subfield>
    <subfield code="l">1</subfield>
    <subfield code="o">730 B954e</subfield>
    <subfield code="p">004122</subfield>
    <subfield code="r">2019-12-04 00:00:00</subfield>
    <subfield code="s">2019-02-06</subfield>
    <subfield code="w">2016-01-20</subfield>
    <subfield code="y">01</subfield>
  </datafield>
</record>
